00408nam a2200145Ia 450000500170000000800460001703700120006304000200007504100130009508400230010824500290013126000510016030000090021165000420022020250508150352.0008 250505s9999 xx 000 0 eng d aTextual aFEDLbengcFEDL aeng2eng a371.402, HINqFEDL 0aBasic national education aWardha, India bHindustani Talimi Sangh c1974 a88p. aEducational - Guidance and Counseling